00358nam a2200121Ia 4500001000900000003000500009008004100014010001100055040000900066100002200075245005300097260008600150dia_6581CHAP220117s1967 xx 000 0 und d a177922 cCHAP aNava, Fidencio J. aEvaluación de la calidad del arroz en México aMéxico :b Instituto Nacional De Investigaciones Agrícolas, S. A. G.,c1967